| 000 | 00454nam a2200169Ia 4500 | ||
|---|---|---|---|
| 003 | GCL | ||
| 008 | 140319s9999 xx 000 0 eng d | ||
| 040 |
_aGCL / _cGCL |
||
| 082 | 0 | 4 |
_a621.395 _bE A |
| 100 | 1 | _aEDWARDS, MARLYN | |
| 245 | 1 | 0 |
_aAUTOMATIC LOGIC SYNTHESIS TECHNIQUES FOR DIGITAL SYSTEMS / _cEDWARDS, MARLYN |
| 260 |
_a[S.N] : _bMACMILLAN ، _c1992 |
||
| 300 | _a186 P | ||
| 650 | 0 | 4 | _aELECTRONICS |
| 650 | 0 | 4 | _aCOMPUTATION |
| 942 |
_2ddc _cBK |
||
| 999 |
_c21138 _d21138 |
||